000 00218nam a22000857a 4500
008 160720b xxu||||| |||| 00| 0 eng d
100 _93080
_aGodkar P
245 _aMedical Laboratory
260 _aMumbai
_bBPI Publication
_c2011
999 _c2643
_d2643